| 000 | 00694nam a2200265Ia 4500 | ||
|---|---|---|---|
| 999 |
_c49645 _d49645 |
||
| 001 | 16577 | ||
| 003 | GE_BSU | ||
| 005 | 20250203162108.0 | ||
| 008 | 181216s2005||||ge |||||||||||||| ||eng|| | ||
| 020 | _a9781405815628 | ||
| 040 | _cGE_BSU | ||
| 041 | _aeng | ||
| 080 | _a811.111(075.8) A-18 | ||
| 100 |
_aAcklam, Richard _93176 |
||
| 245 |
_aTotal English : Pre-intermediate Students book (CD) / _cRichard Acklam, Crace Araminta. |
||
| 260 | _aEdinburg | ||
| 260 | _bPearson Longman | ||
| 260 | _c2005 | ||
| 300 |
_a159 p. ; _c30 cm. |
||
| 541 | _h5ლ. | ||
| 653 | _aPre-Intermediate | ||
| 653 | _aTotal English | ||
| 700 |
_a Araminta, Crace _eauthor _924230 |
||
| 942 |
_cBK _2udc |
||